| 000 | 00852nam a22002297a 4500 | ||
|---|---|---|---|
| 999 |
_c16876 _d16876 |
||
| 003 | AR-CdUCM | ||
| 008 | 190506b ||||| |||| 00| 0 spa d | ||
| 040 |
_aMUNICIPALIDAD PROVINCIAL DEL CUSCO _cBIBLIOTECA MUNICIPAL DEL CUSCO |
||
| 082 |
_a306 / _bB35 |
||
| 100 |
_aBehrman, Jack N. _936597 |
||
| 245 | _aCriterios de decisión para inversiones en américa latina / | ||
| 260 |
_aBuenos Aires : _bProlam, _c1975. |
||
| 300 |
_a133 páginas : _c23 cm. |
||
| 440 |
_aEdiciones económicas y empresa _936598 |
||
| 505 | _aContenido : Criterios de las empresas y formas de operación -- Criterios e inquietudes del gobierno huesped -- Evaluación de las normas ... | ||
| 650 |
_aInversión _91712 |
||
| 650 |
_aEconomía _9382 |
||
| 650 |
_aAmérica _91348 |
||
| 700 |
_aLeal, Anibal G, _936599 |
||
| 942 |
_2ddc _cLIBROS |
||
| 945 |
_arah _d06/05/2019 |
||